000
nam a22 7a 4500
999
_c
55188
_d
55188
003
OSt
005
20220809142346.0
008
220809b xxu||||| |||| 00| 0 eng d
040
_c
IIMT UNIVERSITY
100
_a
LAL, B.K
245
_a
FOUDATION OF REAL ANALYSIS
260
_a
PATNA
_b
BHARATI BHAWAN
_c
1977
300
_a
221
942
_2
ddc
_c
09